LIBRARY & INFORMATION CENTRE, KCAET, TAVANUR

ONLINE PUBLIC ACCESS CATALOGUE (OPAC)

Rajakesari (Record no. 613)

MARC details
000 -LEADER
fixed length control field 00321cam a2200145ua 4500
041 ## - LANGUAGE CODE
Language code of text/sound track or separate title mal
082 ## - DEWEY DECIMAL CLASSIFICATION NUMBER
Classification number 923.2
Item number PAU/RA
100 ## - MAIN ENTRY--AUTHOR NAME
Personal name Paul, K A .
245 ## - TITLE STATEMENT
Title Rajakesari
260 ## - PUBLICATION, DISTRIBUTION, ETC. (IMPRINT)
Place of publication Kalloor :
Name of publisher The sahithya nilayam publishing house ,
Year of publication 1961.
300 ## - PHYSICAL DESCRIPTION
Number of Pages 80 ; .
942 ## - ADDED ENTRY ELEMENTS (KOHA)
Koha item type Books
Holdings
Withdrawn status Lost status Damaged status Home library Current library Date acquired Full call number Accession Number Koha item type
      KAUAET KAUAET 07/04/2012 923.2 1490 Books
free website counter